000 00623nam a2200193Ia 4500
008 090124s9999 xx 000 0 und d
020 _a81-7828-062-0
082 _b45010
100 _aघाटे निरंजन
245 _a अमेरिकन चित्रपटसृष्टी
250 _a1
260 _c2006
300 _a136
600 _aघाटे निरंजन
630 _a अमेरिकन चित्रपटसृष्टी
700 _aघाटे निरंजन
730 _a अमेरिकन चित्रपटसृष्टी
942 _cBOOK
999 _c111230
_d111230